| 000 | 02794nam a2200433 a 4500 | ||
|---|---|---|---|
| 003 | CHAP | ||
| 005 | 20241126134658.0 | ||
| 007 | cr ||||||a|c|a | ||
| 008 | 110114s2010 mx r 00010 spa d | ||
| 035 | _a111911 | ||
| 040 | _cCHAP | ||
| 090 | _aTesis | ||
| 100 | 1 |
_aSalas Gutiérrez, José Cupertino. _9101307 |
|
| 245 | 1 | 0 |
_aDiseño de un túnel de enfriamiento para una máquina formadora de palanquetas de amaranto con chocolate _c/por José Cupertino Salas Gutiérrez; director Francisco Muñoz Gómez |
| 264 | 1 |
_aChapingo, Méx. : _bEl autor, _c2010. |
|
| 300 |
_a1 recurso en línea (97 páginas): _bcuadros, figuras. |
||
| 336 |
_2rdacontent _atexto _btxt |
||
| 337 |
_2rdamedia _acomputadora _bc |
||
| 338 |
_2rdacarrier _arecursos en línea _bcr |
||
| 502 |
_aTesis (Ing. Mecánico Agrícola) -- UACH. Departamento de Ingeniería Mecánica Agrícola _bIMtA _cMecánica _d2010 _gLIC |
||
| 520 | _aActualmente los principios de refrigeración no tienen límites de uso, una de las aplicaciones más comunes es la conservación de alimentos. Hoy en día se encuentran aplicaciones de la refrigeración en el hogar, el comercio, en la industria y en laboratorios, por lo que se puede decir que la refrigeración es una parte muy importante e indispensable en la vida moderna. Para el diseño del túnel de enfriamiento se aplicó la metodología general de diseño en donde se consideran las cargas totales de calor, generadas por las paredes del túnel de enfriamiento, las del producto y la ganancia de calor por cambios de aire, estos parámetros son de suma importancia para calcular la potencia del equipo de refrigeración. Se obtuvo como resultado que la potencia del equipo (unidad de condensación) debe ser de 2hp, que será suficiente para poder contrarrestar la carga total de calor. Se construyó un prototipo del túnel de enfriamiento con una unidad de condensación de ¾ de hp. Se logró disminuir la temperatura entre 0°C y 9°C recirculando el aire frío del túnel hacia el serpentín. | ||
| 590 |
_aALEPH _b10 _c20130110 |
||
| 590 |
_aBATCH-UPD _b10 _c20130110 |
||
| 590 |
_aBATCH-UPD _b10 _c20130410 |
||
| 590 |
_aBATCH-UPD _b10 _c20130914 |
||
| 590 |
_aBATCH-UPD _b10 _c20140324 |
||
| 590 |
_aBATCH-UPD _b10 _c20141002 |
||
| 590 |
_aCONVERSION _b10 _c20130109 |
||
| 650 | 1 | 4 |
_aAmaranto _xProcesado. _95138 |
| 650 | 1 | 4 |
_aMaquinaria _xDiseño. _971143 |
| 700 | 0 |
_aMuñoz Gómez, Francisco _979600 _eDirector de tesis. |
|
| 856 |
_uhttp://10.13.5.2/tesis/111911.pdf _zDESCARGAR PDF |
||
| 901 | _aBK | ||
| 942 |
_cTD _2Clasificación Universidad Autónoma Chapingo |
||
| 949 |
_bBC _cTES _d33724002220025 _eTS1 _gDonaciØn _h51780 _i111911 _sb |
||
| 949 |
_bBC _cTES _d33724002220314 _eTS2 _fc.2 _gDonaciØn _h51781 _i111911 _sb |
||
| 999 |
_c100252 _d100252 |
||